| 000 | 00000nam##2200000za#4500 |
| 001 | 9.580940 |
| 003 | CaOODSP |
| 005 | 20210624191300 |
| 007 | cr ||||||||||| |
| 008 | 150406|2014||||xxc|||||o f|0| 0 eng|d |
| 020 | |a978-1-100-25186-8 |
| 040 | |aCaOODSP|beng |
| 043 | |an-cn--- |
| 086 | 1 |aEm15-1/9-2014E-PDF |
| 110 | 1 |aCanada. |bEmployment and Social Development Canada. |
| 245 | 10|aTool and die maker / |h[electronic resource]|c[by] Trades and Apprenticeship Division, Labour Market Integration Directorate. |
| 260 | |aGatineau - Quebec : |bEmployment and Social Development Canada |c2014. |
| 300 | |a88p.|bfig., glossary, table |
| 490 | 1 |aOccupational analyses series|vNational Occupational Classification: 7232 |
| 500 | |aCatalogue number (Em15-1/7-2014E-PDF) and ISBN (978-1-100-25001-4) printed in this publication. |
| 590 | |a15-10|b2015-03-06 |
| 690 | 07|aOccupations|2gcpds |
| 775 | 08|tOutilleur-ajusteur/outilleuse-ajusteuse / |w(CaOODSP)9.607845 |
| 830 | #0|aOccupational analyses series ;|vNational Occupational Classification: 7232|w(CaOODSP)9.505333 |
| 856 | 40|ahttp://publications.gc.ca|qPDF|s908 KB|uhttps://publications.gc.ca/collections/collection_2015/edsc-esdc/Em15-1-9-2014-eng.pdf|yNational Occupational Classification: 7232 |
| 986 | |aLM-487-10-14E |